Európai művészet és magyar művészet
Elmentve itt :
| Szerző: | |
|---|---|
| Adatforrás: | Philobibl |
| Forrásdokumentuma: | Pro Philosophia Füzetek 2007:50. p. 89-102. |
| Dokumentumtípus: | Cikk |
| Nyelv: | magyar |
| Kulcsszavak: | művészetfilozófia |
| Megjelent: |
2007
|
| LEADER | 00355nab a2200121 c 4500 | ||
|---|---|---|---|
| 001 | bibPHI0032912 | ||
| 005 | 20200924123110.3 | ||
| 008 | 081030s2007 hu hun | ||
| 100 | 1 | |a Fülep Lajos | |
| 245 | 1 | 0 | |a Európai művészet és magyar művészet |c Fülep Lajos |
| 260 | |a 2007 | ||
| 695 | |a művészetfilozófia | ||
| 773 | 0 | |t Pro Philosophia Füzetek |g 2007:50. p. 89-102. | |